00381nam a2200121 a 450000500170000000800410001705000170005810000150007524500170009026000370010799900190014495200960016320140414132013.0110314s19uu xx 00 eng d aTRbF32 1995 aBerry, Joy aFeeling sad. aNew York :bScholastic ,c1995. c113318d113318 001040aMUbMUcTRd2011-03-14l0oTR F32 1995pM4866r2014-04-14 00:00:00w2014-04-14yBK